[Event "4NCL Division 4 South"]
[Site "Daventry, ENG"]
[Date "2019.04.13"]
[Round "7.81"]
[White "Paul, Nathanael"]
[Black "Bennett, Max"]
[Result "1-0"]
[WhiteElo "2057"]
[BlackElo "1885"]
[PlyCount "61"]
[EventDate "2019.04.13"]
[WhiteTeam "Shropshire 2"]
[BlackTeam "Sussex Martlets 3"]

1. d4 e6 2. Bf4 Nf6 3. e3 Be7 4. Bd3 O-O 5. c3 c5 6. Nd2 d5 7. Ngf3 b6 8. Qe2
Bb7 9. e4 Nc6 10. e5 Nh5 11. Be3 cxd4 12. cxd4 f5 13. exf6 Nxf6 14. a3 Bd6 15.
Ng5 Qe8 16. f4 h6 17. h4 Nh5 18. Bh7+ Kh8 19. Qd3 Nxf4 20. Bxf4 Rxf4 21. Bg6
Qe7 22. Bf7 Rf5 23. g4 Rxg5 24. hxg5 Qxf7 25. O-O-O Bf4 26. Kb1 Bxd2 27. Rxd2
Rf8 28. Rdh2 Qf3 29. Rxh6+ gxh6 30. Rxh6+ Kg7 31. Qg6# 1-0

[Event "4NCL Division 4 South"]
[Site "Daventry, ENG"]
[Date "2019.04.13"]
[Round "7.82"]
[White "Finn, Daniel"]
[Black "Hurney, Kevin"]
[Result "0-1"]
[WhiteElo "1810"]
[BlackElo "2057"]
[PlyCount "54"]
[EventDate "2019.04.13"]
[WhiteTeam "Sussex Martlets 3"]
[BlackTeam "Shropshire 2"]

1. d4 Nf6 2. c4 g6 3. Nc3 Bg7 4. e4 d6 5. Nf3 O-O 6. Be2 Nc6 7. O-O e5 8. d5
Ne7 9. Be3 Ng4 10. Bd2 f5 11. exf5 gxf5 12. h3 Nf6 13. Rc1 Ng6 14. Re1 h6 15.
Qc2 Rf7 16. Nh2 Kh8 17. Kh1 e4 18. f3 Nh5 19. Nf1 Qh4 20. fxe4 f4 21. Qd1 Bxh3
22. gxh3 Qxh3+ 23. Kg1 Bd4+ 24. Be3 Bxe3+ 25. Nxe3 Qxe3+ 26. Kh2 Qf2+ 27. Kh1
Ng3# 0-1

[Event "4NCL Division 4 South"]
[Site "Daventry, ENG"]
[Date "2019.04.13"]
[Round "7.83"]
[White "Bowcott-Terry, Finlay"]
[Black "Woods, Timothy J"]
[Result "1-0"]
[WhiteElo "2050"]
[BlackElo "1682"]
[PlyCount "109"]
[EventDate "2019.04.13"]
[WhiteTeam "Shropshire 2"]
[BlackTeam "Sussex Martlets 3"]

1. e4 d6 2. d4 Nf6 3. Nc3 g6 4. Bg5 Bg7 5. Qd2 c6 6. O-O-O Qa5 7. Kb1 Nbd7 8.
Nf3 b5 9. e5 Ng4 10. exd6 e6 11. Nxb5 Qxd2 12. Nc7+ Kf8 13. Rxd2 Rb8 14. Bc4
Ngf6 15. Re1 h6 16. Bh4 Nb6 17. Bb3 a5 18. Ne5 a4 19. Bc4 Nxc4 20. Nxc4 Nd7 21.
Na5 Rb6 22. c4 c5 23. Be7+ Kg8 24. Nb5 Kh7 25. dxc5 Nxc5 26. b4 axb3 27. axb3
Bd7 28. b4 Na6 29. Re3 Nxb4 30. Rb3 Ra8 31. Rxb4 Rxa5 32. Ra2 Rxa2 33. Kxa2 Bd4
34. Rb3 Bc5 35. Nc7 Rc6 36. Nb5 Rb6 37. Kb2 Kg7 38. Nc3 Rc6 39. Rb7 Bxd6 40.
Rxd7 Bxe7 41. Rxe7 Rxc4 42. Rd7 h5 43. Kc2 h4 44. h3 g5 45. Kd3 Rb4 46. Rd4 Rb2
47. Ke3 Rb7 48. f4 f6 49. fxg5 fxg5 50. Rg4 Kg6 51. Rc4 Rb3 52. Kf3 Rb2 53. Ne4
Rb3+ 54. Rc3 Rb5 55. Rc5 1-0

[Event "4NCL Division 4 South"]
[Site "Daventry, ENG"]
[Date "2019.04.13"]
[Round "7.84"]
[White "Hedger, Alec"]
[Black "Jamieson, Ian"]
[Result "1/2-1/2"]
[WhiteElo "1727"]
[BlackElo "1967"]
[PlyCount "131"]
[EventDate "2019.04.13"]
[WhiteTeam "Sussex Martlets 3"]
[BlackTeam "Shropshire 2"]

1. e4 Nf6 2. e5 Nd5 3. Bc4 Nb6 4. Bb3 d5 5. exd6 cxd6 6. Nf3 Nc6 7. c3 d5 8. d4
Bf5 9. Bg5 h6 10. Bh4 Qd7 11. O-O e6 12. Re1 Bd6 13. Nbd2 O-O 14. Bc2 Bxc2 15.
Qxc2 Rac8 16. Rad1 f5 17. h3 Qf7 18. Qb1 Rfe8 19. Re2 Nd7 20. Rde1 Nf8 21. Bg3
f4 22. Bh2 $11 b5 23. Qd3 Rb8 24. b4 g5 25. Nb3 Ng6 26. Qd2 e5 27. dxe5 Bxe5
28. Nxe5 Ngxe5 29. Kf1 Kf8 30. f3 Nc4 31. Qc1 N6e5 32. Bg1 Nd3 33. Rxe8+ Rxe8
34. Rxe8+ Qxe8 35. Qd1 Ne3+ 36. Bxe3 Qxe3 37. Qe2 d4 38. Qxe3 dxe3 39. Ke2 Nb2
40. Nd4 a6 41. Ne6+ Ke7 42. Nc5 Kd6 43. g3 a5 44. Ne4+ Kc6 45. bxa5 Nc4 46. a6
Kb6 47. gxf4 gxf4 48. a7 Kxa7 49. Nc5 Ne5 50. h4 b4 51. cxb4 Nc6 52. Ne6 Nxb4
53. Nxf4 Nxa2 54. Nd5 Kb7 55. Kxe3 Kc6 56. Ke4 Kd6 57. f4 Nc1 58. Nc3 Ke6 59.
f5+ Kf7 60. h5 Nb3 61. Nd5 Nc5+ 62. Kd4 Nd7 63. Ne3 Kf6 64. Kd5 Kg5 65. Ke6 Nf6
66. Ke5 1/2-1/2

[Event "4NCL Division 4 South"]
[Site "Daventry, ENG"]
[Date "2019.04.13"]
[Round "7.85"]
[White "Portman, Carl S"]
[Black "Hedger, Timothy"]
[Result "1/2-1/2"]
[WhiteElo "1967"]
[BlackElo "1742"]
[PlyCount "52"]
[EventDate "2019.04.13"]
[WhiteTeam "Shropshire 2"]
[BlackTeam "Sussex Martlets 3"]

1. d4 d5 2. e3 c6 3. Bd3 Nf6 4. Nd2 Bg4 5. Ngf3 e6 6. c3 Nbd7 7. h3 Bh5 8. Qb3
Qc7 9. c4 c5 10. O-O Bd6 11. Re1 O-O 12. a4 b6 13. Qa2 cxd4 14. exd4 Rac8 15.
b3 Rfe8 16. Bb2 Bb4 17. Ba3 Bxa3 18. Qxa3 Qd8 19. Qd6 Qe7 20. Qxe7 Rxe7 21. a5
dxc4 22. bxc4 bxa5 23. Rxa5 Nb6 24. g4 Bg6 25. Bxg6 hxg6 26. c5 Nbd5 1/2-1/2

[Event "4NCL Division 4 South"]
[Site "Daventry, ENG"]
[Date "2019.04.13"]
[Round "7.86"]
[White "Finn, Elizabeth"]
[Black "Lewis, Christopher D"]
[Result "0-1"]
[WhiteElo "1600"]
[BlackElo "1930"]
[PlyCount "64"]
[EventDate "2019.04.13"]
[WhiteTeam "Sussex Martlets 3"]
[BlackTeam "Shropshire 2"]

1. d4 d5 2. c4 c6 3. e3 Nf6 4. Nf3 Bg4 5. Bd3 dxc4 6. Bxc4 e6 7. O-O Be7 8. Nc3
O-O 9. Qe2 Nbd7 10. Rd1 Qc7 11. e4 e5 12. d5 Nb6 13. Bb3 Rfe8 14. dxc6 bxc6 15.
Be3 Rad8 16. a3 Qb7 17. Bxf7+ Kxf7 18. Nxe5+ Kg8 19. Nxg4 Nxg4 20. Qxg4 Nd7 21.
f3 Bf6 22. Rab1 Ne5 23. Qh3 Rxd1+ 24. Nxd1 Nc4 25. a4 Qb3 26. Qd7 Rd8 27. Qe6+
Kh8 28. Nf2 Qxe3 29. Qxc4 Rd2 30. Rf1 Bd4 31. Qxc6 Qxf2+ 32. Rxf2 Rd1# 0-1

[Event "4NCL Division 4 South"]
[Site "Daventry, ENG"]
[Date "2019.04.13"]
[Round "7.91"]
[White "Bush, Ian"]
[Black "Gogia, Armaan"]
[Result "1-0"]
[WhiteElo "1780"]
[BlackElo "1982"]
[PlyCount "107"]
[EventDate "2019.04.13"]
[WhiteTeam "Oxford 4"]
[BlackTeam "Ashfield 2"]

1. e4 c5 2. d4 cxd4 3. c3 Nc6 4. cxd4 d5 5. exd5 Qxd5 6. Nf3 e6 7. Nc3 Bb4 8.
Bd2 Qd8 9. a3 Be7 10. Bf4 Nf6 11. Bd3 O-O 12. O-O b6 13. Qd2 Bb7 14. Rad1 Rc8
15. Rfe1 Na5 16. Qe2 Bxa3 17. Bg5 Be7 18. Bb1 Nc4 19. Qc2 g6 20. h4 Qc7 21. Ne5
Na3 22. Qd3 Nxb1 23. Rxb1 Rfd8 24. Bf4 Nh5 25. Bh2 Bxh4 26. g4 Nf6 27. Nf3 Qc6
28. d5 Nxd5 29. Ne5 Qc5 30. Qf3 Rc7 31. Nd3 Nxc3 32. Nxc5 Bxf3 33. Bxc7 Rc8 34.
bxc3 Rxc7 35. Ne4 Rc4 36. Nd2 Rxg4+ 37. Kf1 Bd5 38. Ra1 Bg5 39. Ke2 a5 40. Rab1
Bd8 41. Red1 Bc7 42. Nf1 Rf4 43. Rd2 Bc4+ 44. Ke3 Rh4 45. Rd4 Rh3+ 46. Kd2 Ba6
47. Ne3 Rh2 48. Ng4 Rg2 49. Nf6+ Kf8 50. Ke3 Be5 51. Nd7+ Ke7 52. Nxe5 h5 53.
Rxb6 Bf1 54. Rd1 1-0

[Event "4NCL Division 4 South"]
[Site "Daventry, ENG"]
[Date "2019.04.13"]
[Round "7.92"]
[White "Truman, Richard G"]
[Black "King, Simon E"]
[Result "1-0"]
[WhiteElo "1945"]
[BlackElo "1735"]
[PlyCount "69"]
[EventDate "2019.04.13"]
[WhiteTeam "Ashfield 2"]
[BlackTeam "Oxford 4"]

1. d4 Nf6 2. c4 g6 3. Nc3 Bg7 4. e4 d6 5. f3 O-O 6. Be3 c6 7. Qd2 e5 8. d5 c5
9. Bd3 Na6 10. Nge2 Bd7 11. g4 Nc7 12. Ng3 a6 13. h4 h5 14. gxh5 Nxh5 15. Nxh5
gxh5 16. Bg5 f6 17. Bh6 Rf7 18. O-O-O Kh7 19. Be3 Qe7 20. f4 Rg8 21. Be2 Bg4
22. Bxg4 hxg4 23. fxe5 fxe5 24. Bg5 Bf6 25. Qg2 Rg6 26. Qxg4 Kg7 27. Rhg1 Bxg5+
28. hxg5 Rf4 29. Qh5 b5 30. Rde1 Qf8 31. Rh1 Qg8 32. Ref1 b4 33. Rxf4 exf4 34.
Ne2 Kf7 35. Nxf4 1-0

[Event "4NCL Division 4 South"]
[Site "Daventry, ENG"]
[Date "2019.04.13"]
[Round "7.93"]
[White "Beckett, Richard"]
[Black "Flynn, David"]
[Result "0-1"]
[WhiteElo "1639"]
[BlackElo "1930"]
[PlyCount "52"]
[EventDate "2019.04.13"]
[WhiteTeam "Oxford 4"]
[BlackTeam "Ashfield 2"]

1. e4 e6 2. d4 d5 3. Nd2 Nf6 4. e5 Nfd7 5. f4 c5 6. c3 cxd4 7. cxd4 Nc6 8. Ndf3
Qb6 9. g3 Bb4+ 10. Kf2 O-O 11. Ne2 f6 12. Kg2 fxe5 13. fxe5 Ndxe5 14. dxe5 Rxf3
15. Kxf3 Nxe5+ 16. Kg2 Bc5 17. Nf4 Qc6 18. Be2 b6 19. Rf1 Bb7 20. h4 Rf8 21.
Qb3 d4+ 22. Bf3 Nxf3 23. Rxf3 d3 24. Qxd3 e5 25. Qc4+ Kh8 26. Nd5 Qxd5 0-1

[Event "4NCL Division 4 South"]
[Site "Daventry, ENG"]
[Date "2019.04.13"]
[Round "7.94"]
[White "Graham, Neil"]
[Black "Burcham, Tony"]
[Result "1-0"]
[WhiteElo "1825"]
[BlackElo "1650"]
[PlyCount "106"]
[EventDate "2019.04.13"]
[WhiteTeam "Ashfield 2"]
[BlackTeam "Oxford 4"]

1. d4 e6 2. e4 d5 3. Be3 dxe4 4. Nd2 Nf6 5. f3 exf3 6. Ngxf3 b6 7. Bd3 Bb7 8.
c3 Nd5 9. Qe2 Nxe3 10. Qxe3 c5 11. O-O-O Nd7 12. Be4 cxd4 13. Nxd4 Bxe4 14.
Nxe4 Be7 15. Nc6 Qc7 16. Nxe7 Kxe7 17. Qg5+ Kf8 18. Rhf1 Nf6 19. Nxf6 gxf6 20.
Qxf6 Rg8 21. g3 Qe7 22. Qf3 Rc8 23. Rd2 Rg5 24. Qe4 Kg8 $11 25. Rdf2 f5 26. Qe3
Rg4 27. Rxf5 Rxc3+ 28. Qxc3 exf5 29. Rxf5 Qe6 30. Rf4 Rg5 31. Qb3 Qxb3 32. axb3
Re5 $11 33. Kd2 Kg7 34. Kd3 a5 35. h4 Re6 36. b4 a4 37. b5 Re5 38. Rb4 Rd5+ 39.
Kc4 Rc5+ 40. Kd4 Rc2 41. Kd5 Kf7 42. Kd6 Rc5 43. Rxa4 Rxb5 44. b4 Rf5 45. Ra3
Rb5 46. Rb3 Rf5 47. Kc6 Rf6+ 48. Kb5 h5 49. Rc3 Rg6 50. Rc7+ Kg8 51. Rc6 Rxg3
52. Rh6 Rg4 53. Rxh5 Kg7 1-0

[Event "4NCL Division 4 South"]
[Site "Daventry, ENG"]
[Date "2019.04.13"]
[Round "7.95"]
[White "Henbest, Kevin B"]
[Black "Hill, Maurice J"]
[Result "1/2-1/2"]
[WhiteElo "1639"]
[BlackElo "1810"]
[PlyCount "74"]
[EventDate "2019.04.13"]
[WhiteTeam "Oxford 4"]
[BlackTeam "Ashfield 2"]

1. e4 c5 2. Nf3 a6 3. c4 Nc6 4. d4 cxd4 5. Nxd4 Qc7 6. Nc3 e6 7. Be3 Nf6 8. a3
Be7 9. Be2 O-O 10. O-O b6 11. f4 d6 12. Bf3 Bb7 13. f5 Nxd4 14. Qxd4 Nd7 15.
fxe6 fxe6 16. Bg4 Nc5 17. Rad1 e5 18. Qd2 Nxe4 19. Be6+ Kh8 20. Nxe4 Bxe4 21.
Bd5 Bxd5 22. Qxd5 Rad8 23. Rf7 Rxf7 24. Qxf7 Rf8 25. Qd5 h6 26. Rf1 Rxf1+ 27.
Kxf1 a5 28. Qa8+ Kh7 29. Qe4+ g6 30. h4 Bd8 31. Kg1 h5 32. g3 Qd7 33. Kh2 b5
34. b3 bxc4 35. bxc4 Kg7 36. Qd5 Qc7 37. Kh3 Qd7+ 1/2-1/2

[Event "4NCL Division 4 South"]
[Site "Daventry, ENG"]
[Date "2019.04.13"]
[Round "7.96"]
[White "Taylor, Robert P"]
[Black "Matilal, Tamal"]
[Result "1-0"]
[WhiteElo "1757"]
[BlackElo "1419"]
[PlyCount "59"]
[EventDate "2019.04.13"]
[WhiteTeam "Ashfield 2"]
[BlackTeam "Oxford 4"]

1. d4 c5 2. d5 Nf6 3. Nc3 a6 4. a4 d6 5. e4 g6 6. f4 Bg7 7. Nf3 Bg4 8. Be2 Bxf3
9. Bxf3 Nbd7 10. O-O O-O 11. Kh1 Rb8 12. Qe2 Ne8 13. Bd2 Nc7 14. Rae1 b5 15.
axb5 axb5 16. b3 b4 17. Nd1 Nb5 18. Qd3 Nd4 19. Ne3 e5 20. Nc4 Qc7 21. Bd1 f5
22. fxe5 Nxe5 23. Nxe5 Bxe5 24. exf5 Nxf5 25. Rf3 Qg7 26. Rh3 Rb7 27. g4 Nd4
28. Bh6 Qf7 29. Bxf8 Qxd5+ 30. Bf3 1-0

[Event "4NCL Division 4 South"]
[Site "Daventry, ENG"]
[Date "2019.04.13"]
[Round "7.101"]
[White "Ogunshola, Ben"]
[Black "Bin-Suhayl, Ieysaa"]
[Result "0-1"]
[WhiteElo "2193"]
[BlackElo "2110"]
[PlyCount "108"]
[EventDate "2019.04.13"]
[WhiteTeam "The Pitstop"]
[BlackTeam "Rook & Roll"]

1. c4 Nf6 2. Nf3 c5 3. g3 Nc6 4. Bg2 d6 5. Nc3 g6 6. b3 Bg7 7. Bb2 O-O 8. O-O
Bd7 9. e3 Qa5 10. Qe2 Rab8 11. d3 a6 12. a4 Qb6 13. Rfb1 Rfe8 14. Qd2 Bf5 15.
Na2 e5 16. Ng5 h6 17. e4 Bd7 18. Nf3 Qc7 19. Nc3 Nd4 20. Nxd4 exd4 21. Ne2 b5
22. axb5 axb5 23. Bc1 Bc6 24. Rb2 Rb6 25. Rba2 Reb8 26. Ra7 R8b7 27. R7a6 bxc4
28. bxc4 Nd7 29. Qc2 Rxa6 30. Rxa6 Ra7 31. Rxa7 Qxa7 32. Bh3 Ne5 33. f4 Ba4 34.
Qb1 Nc6 35. Bd2 Nb4 36. Bxb4 Qb6 37. f5 g5 38. f6 Bh8 39. Qf1 cxb4 40. Qf5 Qd8
41. Nxd4 Bxf6 42. Nb5 b3 43. d4 b2 44. e5 dxe5 45. d5 Bxb5 46. cxb5 Qc7 47. Bf1
Qc1 48. Qxf6 b1=Q 49. Kg2 Qe4+ 50. Kh3 g4+ 51. Kh4 Qg5+ 52. Qxg5+ hxg5+ 53. Kh5
Qb1 54. Be2 Qg6+ 0-1

[Event "4NCL Division 4 South"]
[Site "Daventry, ENG"]
[Date "2019.04.13"]
[Round "7.102"]
[White "Sheikh, Nasarullah"]
[Black "Froom, Oliver"]
[Result "0-1"]
[WhiteElo "1740"]
[BlackElo "1939"]
[PlyCount "114"]
[EventDate "2019.04.13"]
[WhiteTeam "Rook & Roll"]
[BlackTeam "The Pitstop"]

1. e4 c5 2. Nf3 d6 3. d4 cxd4 4. Nxd4 Nf6 5. Nc3 g6 6. g3 Nc6 7. Bg2 Bd7 8.
Nde2 Bg7 9. O-O O-O 10. h3 Qa5 11. Be3 Rac8 12. a4 Be6 13. Rc1 Rfd8 14. Nd4 Bc4
15. Nxc6 bxc6 16. Re1 e5 17. Bd2 Qc7 18. b3 Be6 19. Qe2 Qd7 20. Kh2 d5 21. exd5
cxd5 22. Qb5 d4 23. Qxd7 Rxd7 24. Na2 Rdc7 25. Nb4 a5 26. Nd3 Rxc2 27. Bxa5
Bxb3 28. Rxc2 Rxc2 29. Nxe5 Bxa4 30. Nd3 h5 31. Kg1 Bb5 32. Nb4 Rb2 33. Rd1 Nd7
34. Bf1 Ba4 35. Rc1 Bf8 36. Nd3 Ra2 37. Bb4 Bg7 38. Kg2 Bb3 39. Kg1 Be6 40. Kg2
Ra4 41. Be2 Bf5 42. Bd6 Ra2 43. Bf1 Rd2 44. Nf4 Nf6 45. Bc4 Ne4 46. Bb4 Rxf2+
47. Kg1 Rf3 48. Re1 Rxg3+ 49. Kh2 Rf3 50. Ng2 Rxh3+ 51. Kg1 d3 52. Nf4 d2 53.
Rd1 Rf3 54. Ne2 Bh6 55. Ra1 Be3+ 56. Kg2 Rf2+ 57. Kh1 Bg4 0-1

[Event "4NCL Division 4 South"]
[Site "Daventry, ENG"]
[Date "2019.04.13"]
[Round "7.103"]
[White "Homer, Neil S"]
[Black "Sheikh, Anum"]
[Result "1/2-1/2"]
[WhiteElo "1692"]
[BlackElo "1642"]
[PlyCount "72"]
[EventDate "2019.04.13"]
[WhiteTeam "The Pitstop"]
[BlackTeam "Rook & Roll"]

1. Nf3 f5 2. d3 Nf6 3. e4 d6 4. Nc3 g6 5. exf5 Bxf5 6. d4 Bg7 7. Bd3 Bg4 8. Be3
c6 9. Be2 Nbd7 10. Qd2 Bxf3 11. Bxf3 e5 12. O-O-O Qe7 13. dxe5 dxe5 14. Qd6
Qxd6 15. Rxd6 Ke7 16. Rd2 Rhd8 17. Rhd1 h6 18. a4 a5 19. h3 Bf8 20. g4 Kf7 21.
g5 hxg5 22. Bxg5 Be7 23. Bxf6 Nxf6 24. Rxd8 Rxd8 25. Rxd8 Bxd8 26. Kd2 g5 27.
Ne4 Nxe4+ 28. Bxe4 Ke6 29. Ke2 Kd6 30. Kd3 b5 31. axb5 cxb5 32. b3 Kc5 33. Kc3
Be7 34. Kb2 a4 35. bxa4 bxa4 36. f3 Kc4 1/2-1/2

[Event "4NCL Division 4 South"]
[Site "Daventry, ENG"]
[Date "2019.04.13"]
[Round "7.104"]
[White "Ball, Matthew P"]
[Black "Sloan, Hamish"]
[Result "1-0"]
[WhiteElo "1607"]
[BlackElo "1518"]
[PlyCount "95"]
[EventDate "2019.04.13"]
[WhiteTeam "Rook & Roll"]
[BlackTeam "The Pitstop"]

1. d4 d5 2. Bf4 e6 3. e3 Bd6 4. Bg3 Bxg3 5. hxg3 Nf6 6. Nd2 c5 7. c3 b6 8. Bd3
Bb7 9. Ngf3 h6 10. Ne5 Nbd7 11. Ndf3 Ne4 12. Bb5 Nef6 13. Nxd7 Nxd7 14. Ne5 Bc8
15. Bc6 Rb8 16. Bb5 O-O 17. Nc6 Qc7 18. Nxb8 Qxb8 19. Qg4 Kh8 20. Bxd7 Bxd7 21.
Qf4 Qxf4 22. gxf4 c4 23. b3 Bb5 24. f3 f5 25. g3 Kh7 26. Kd2 Kg6 27. Rae1 Kf6
28. Rh2 Bc6 29. bxc4 dxc4 30. e4 Ke7 31. Rh5 Be8 32. Rh2 Bc6 33. Rhe2 Kd6 34.
exf5 Bxf3 35. Rxe6+ Kc7 36. Re7+ Kc6 37. R1e6+ Kb5 38. Re5+ Ka6 39. Rxg7 h5 40.
Rc7 Bg4 41. Ree7 Bxf5 42. Rf7 Rxf7 43. Rxf7 Bg4 44. Rg7 Bf3 45. Rg5 Bh1 46. a3
b5 47. f5 Ka5 48. f6 1-0

[Event "4NCL Division 4 South"]
[Site "Daventry, ENG"]
[Date "2019.04.13"]
[Round "7.105"]
[White "Fernando, Manel"]
[Black "Jaufarally, Mohammud"]
[Result "1-0"]
[WhiteElo "1486"]
[BlackElo "1503"]
[PlyCount "45"]
[EventDate "2019.04.13"]
[WhiteTeam "The Pitstop"]
[BlackTeam "Rook & Roll"]

1. d4 d5 2. Nf3 Nf6 3. Bf4 Bf5 4. e3 h6 5. Nbd2 e6 6. c3 Bd6 7. Ne5 c6 8. Be2
Qb6 9. Ndc4 dxc4 10. Nxc4 Qd8 11. Nxd6+ Kf8 12. Nxb7 Qb6 13. Qb3 Qxb3 14. axb3
Nbd7 15. b4 g5 16. Bd6+ Kg7 17. Nc5 Nb6 18. Be5 Rhe8 19. O-O Kg6 20. f3 Kg7 21.
e4 Bg6 22. f4 Re7 23. fxg5 1-0

[Event "4NCL Division 4 South"]
[Site "Daventry, ENG"]
[Date "2019.04.13"]
[Round "7.112"]
[White "Eckert, Jonathan"]
[Black "Martin, Nick J"]
[Result "1/2-1/2"]
[WhiteElo "1681"]
[BlackElo "1802"]
[PlyCount "72"]
[EventDate "2019.04.13"]
[WhiteTeam "West is Best 4"]
[BlackTeam "Banbury Bulldogs"]

1. e4 e6 2. d3 d5 3. Nd2 c5 4. Ngf3 Nc6 5. g3 g6 6. Bg2 Bg7 7. O-O Nge7 8. Re1
O-O 9. Nf1 a5 10. c3 b6 11. Bf4 Ra7 12. e5 Ba6 13. Qd2 d4 14. c4 a4 15. g4 Na5
16. Ng3 Bb7 17. Bh6 Bxf3 18. Bxg7 Kxg7 19. Bxf3 Nac6 20. Qg5 Ng8 21. Qxd8 Nxd8
22. g5 h5 23. h4 Ne7 24. b3 Ndc6 25. bxa4 Rxa4 26. a3 Rfa8 27. Reb1 R8a6 28.
Bxc6 Nxc6 29. f4 Rxa3 30. Rxa3 Rxa3 31. Rxb6 Nb4 32. Ne4 Nxd3 33. Rb7 Nxf4 34.
Rb8 Ra1+ 35. Kh2 Ra2+ 36. Kh1 Ra1+ 1/2-1/2

[Event "4NCL Division 4 South"]
[Site "Daventry, ENG"]
[Date "2019.04.13"]
[Round "7.113"]
[White "Rowan, Daniel"]
[Black "McIntosh, Rachel"]
[Result "1-0"]
[WhiteElo "1799"]
[BlackElo "1502"]
[PlyCount "97"]
[EventDate "2019.04.13"]
[WhiteTeam "Banbury Bulldogs"]
[BlackTeam "West is Best 4"]

1. c4 Nf6 2. Nf3 g6 3. g3 Bg7 4. Bg2 O-O 5. O-O d6 6. d4 Nfd7 7. Nc3 e5 8. dxe5
dxe5 9. e4 Nc6 10. Bg5 Ne7 11. Qc1 f6 12. Bh6 Nc5 13. Bxg7 Kxg7 14. Rd1 Qe8 15.
b4 Ne6 16. Nd5 c6 17. Ne3 Ng5 18. Nxg5 fxg5 19. Qb2 Ng8 20. c5 Qe7 21. Nc4 Re8
22. Rd2 Nf6 23. Rad1 Qe6 24. Nd6 Re7 25. a4 b6 26. Qc3 Bd7 27. Qe3 bxc5 28.
bxc5 h6 29. Bf1 Bc8 30. Nc4 Ba6 31. Rd6 Qc8 32. Qf3 Ng8 $11 33. Qc3 Bxc4 34.
Bxc4 Qc7 35. Bxg8 Rxg8 36. Qf3 Rf8 37. Qg4 Rff7 38. h4 Kg8 39. hxg5 hxg5 40.
Qxg5 Rg7 41. Rd8+ Kf7 42. R1d6 Re6 43. R6d7+ Qxd7 44. Rxd7+ Kf8 45. Rd8+ Kf7
46. Rd7+ Kf8 47. Qd8+ Re8 48. Qxe8+ Kxe8 49. Rxg7 1-0

[Event "4NCL Division 4 South"]
[Site "Daventry, ENG"]
[Date "2019.04.13"]
[Round "7.114"]
[White "Davies, Merlin"]
[Black "Hibbitt, Arthur M"]
[Result "0-1"]
[WhiteElo "1566"]
[BlackElo "1771"]
[PlyCount "68"]
[EventDate "2019.04.13"]
[WhiteTeam "West is Best 4"]
[BlackTeam "Banbury Bulldogs"]

1. e4 c5 2. d4 cxd4 3. c3 g6 4. cxd4 d5 5. exd5 Nf6 6. Bc4 Nxd5 7. Nc3 Be6 8.
Qb3 Nc7 9. Bxe6 Nxe6 10. d5 Nc5 11. Qc4 Nbd7 12. Be3 Rc8 13. Qe2 Bg7 14. Nf3
O-O 15. O-O Nf6 16. Rad1 Ne8 17. Rfe1 Nd6 18. Bxc5 Rxc5 19. Qxe7 Bxc3 20. bxc3
Rxc3 21. Qe5 Rc2 22. Nd4 Rxa2 23. Ne6 fxe6 24. dxe6 Rfxf2 25. Qxd6 Rxg2+ 26.
Kh1 Qxd6 27. Rxd6 Rxh2+ 28. Kg1 Rag2+ 29. Kf1 Rh1+ 30. Kxg2 Rxe1 31. Kf2 Re5
32. Kf3 Kf8 33. Rd7 Rxe6 34. Rxb7 Re7 0-1

[Event "4NCL Division 4 South"]
[Site "Daventry, ENG"]
[Date "2019.04.13"]
[Round "7.115"]
[White "Joian, Danut"]
[Black "McIntosh, David"]
[Result "1/2-1/2"]
[WhiteElo "1787"]
[BlackElo "1484"]
[PlyCount "113"]
[EventDate "2019.04.13"]
[WhiteTeam "Banbury Bulldogs"]
[BlackTeam "West is Best 4"]

1. d4 d5 2. Nc3 Nf6 3. Bf4 c6 4. e3 Bf5 5. f3 e6 6. g4 Bg6 7. h4 h5 8. g5 Nfd7
9. Bd3 Bxd3 10. Qxd3 g6 11. e4 Bg7 12. exd5 cxd5 13. Nb5 e5 14. Nd6+ Kf8 15.
dxe5 Nxe5 16. Qxd5 Qe7 17. O-O-O Nbc6 18. Nh3 Qe6 19. Qxe6 fxe6 20. Nxb7 Nxf3
21. Nc5 e5 22. Rhf1 Nxh4 23. Bxe5+ Nf5 24. Ne6+ Kg8 25. Bxg7 Nxg7 26. Nxg7 Kxg7
27. Rd7+ Kg8 28. Rd6 Ne7 29. Nf4 Kg7 30. Re1 Rhe8 31. Ree6 Kg8 32. Nxg6 Nf5 33.
Rxe8+ Rxe8 34. Rd7 h4 35. Rd3 Re1+ 36. Kd2 Rh1 37. Nf4 Rh2+ 38. Kc3 Ng3 39.
Rd8+ Kg7 40. Rd7+ Kg8 41. g6 Ne4+ 42. Kd4 Rd2+ 43. Nd3 Ng5 44. Ke3 Rxc2 45. Nf4
Rc6 46. Rd5 Ne6 47. Nh5 Rc5 48. Rxc5 Nxc5 49. Kf4 Nd3+ 50. Kg5 h3 51. Kh6 h2
52. Nf6+ Kf8 53. g7+ Ke7 54. g8=Q h1=Q+ 55. Nh5 Qc6+ 56. Qg6 Qxg6+ 57. Kxg6
1/2-1/2

[Event "4NCL Division 4 South"]
[Site "Daventry, ENG"]
[Date "2019.04.13"]
[Round "7.116"]
[White "Fowler, Caspian"]
[Black "Rumsby, Stephen"]
[Result "0-1"]
[WhiteElo "1471"]
[BlackElo "1605"]
[PlyCount "106"]
[EventDate "2019.04.13"]
[WhiteTeam "West is Best 4"]
[BlackTeam "Banbury Bulldogs"]

1. e4 e5 2. Nf3 Nc6 3. Bb5 d6 4. d4 Bd7 5. Nc3 Be7 6. Be3 Nf6 7. O-O O-O 8. h3
a6 9. Bxc6 Bxc6 10. d5 Bd7 11. Qd2 h6 12. Nh2 Nh5 13. Qe2 Nf4 14. Qf3 Ng6 15.
Qh5 Nf4 16. Qf3 f5 17. Bxf4 fxe4 18. Qxe4 Rxf4 19. Qe3 Bg5 20. Nf3 Rf5 21. Nxg5
Rxg5 22. Ne4 Rf5 23. f4 Qe7 24. Rae1 Raf8 25. fxe5 Rxf1+ 26. Rxf1 Rxf1+ 27.
Kxf1 Qxe5 28. Qd3 Bf5 29. Qc3 Qxe4 30. Qxc7 Qxd5 31. g4 Be4 32. c4 Bd3+ 33. Ke1
Bxc4 34. b3 Bb5 35. Qc8+ Kh7 36. Qc2+ Bd3 37. Qd2 Qh1+ 38. Kf2 Qh2+ 39. Ke3
Qxd2+ 40. Kxd2 Be4 41. Ke3 d5 42. b4 Kg6 43. h4 Kf6 44. Kf4 g5+ 45. hxg5+ hxg5+
46. Ke3 Ke5 47. a4 d4+ 48. Kd2 Bf3 49. b5 axb5 50. axb5 Bxg4 51. b6 Bf3 52. Ke1
Ke4 53. Kd2 g4 0-1

[Event "4NCL Division 4 South"]
[Site "Daventry, ENG"]
[Date "2019.04.13"]
[Round "7.121"]
[White "Kesterson, Kennan"]
[Black "Campbell, Mark C"]
[Result "1-0"]
[WhiteElo "1892"]
[BlackElo "1892"]
[PlyCount "71"]
[EventDate "2019.04.13"]
[WhiteTeam "Barnet Knights 2"]
[BlackTeam "Cambridge University 3"]

1. e4 c5 2. Nf3 d6 3. d4 cxd4 4. Nxd4 Nf6 5. Nc3 a6 6. Be2 e5 7. Nb3 Be7 8. O-O
O-O 9. f4 b5 10. a3 Bb7 11. Bf3 Nbd7 12. Qe1 Nb6 13. Na5 Bc8 14. Nc6 Qc7 15.
Nxe7+ Qxe7 16. f5 Nfd7 17. Qg3 Bb7 18. Bh6 f6 19. Bh5 Kh8 20. Bc1 Rfc8 21. Qh4
Kg8 22. Rf3 d5 23. Rg3 Kf8 24. Bh6 gxh6 25. Qg4 Qc5+ 26. Kh1 Ke7 27. Qg7+ Kd8
28. exd5 Nxd5 29. Nxd5 Bxd5 30. Rd1 Qc6 31. Rgd3 Nb6 32. Bf3 Rc7 33. Bxd5 Nxd5
34. Qf8+ Kd7 35. Rxd5+ Qxd5 36. Rxd5+ 1-0

[Event "4NCL Division 4 South"]
[Site "Daventry, ENG"]
[Date "2019.04.13"]
[Round "7.122"]
[White "Phillips, William"]
[Black "Vaidya, Raghav"]
[Result "1/2-1/2"]
[WhiteElo "1843"]
[BlackElo "1682"]
[PlyCount "39"]
[EventDate "2019.04.13"]
[WhiteTeam "Cambridge University 3"]
[BlackTeam "Barnet Knights 2"]

1. d4 Nf6 2. Nf3 e6 3. Bg5 d5 4. e3 Be7 5. c4 h6 6. Bh4 O-O 7. Nc3 b6 8. cxd5
exd5 9. Bd3 Bb7 10. O-O Nbd7 11. Rc1 Ne4 12. Bxe7 Qxe7 13. Nd2 Nxd2 14. Qxd2
Nf6 15. Qe2 c6 16. Qf3 Rfe8 17. Ne2 Ne4 18. Rfd1 Qd6 19. Qf4 Qxf4 20. Nxf4
1/2-1/2

[Event "4NCL Division 4 South"]
[Site "Daventry, ENG"]
[Date "2019.04.13"]
[Round "7.123"]
[White "Stoica, Savas Marin"]
[Black "Lim, Mark"]
[Result "1/2-1/2"]
[WhiteElo "1637"]
[BlackElo "1811"]
[PlyCount "42"]
[EventDate "2019.04.13"]
[WhiteTeam "Barnet Knights 2"]
[BlackTeam "Cambridge University 3"]

1. e4 e6 2. d4 d5 3. Nc3 Nf6 4. Bg5 dxe4 5. Nxe4 Nbd7 6. Bd3 c5 7. dxc5 Nxc5 8.
Nxc5 Bxc5 9. Bb5+ Bd7 10. Bxd7+ Qxd7 11. Bxf6 Qxd1+ 12. Rxd1 gxf6 13. Ne2 Ke7
14. O-O Rhd8 15. Nc1 Rac8 16. Nb3 Bxf2+ 17. Kxf2 Rxc2+ 18. Kg1 Rxb2 19. Rxd8
Kxd8 20. Rxf6 Ke7 21. Rf2 Rb1+ 1/2-1/2